| 000 | 00597nam a22002057a 4500 | ||
|---|---|---|---|
| 003 | Nust | ||
| 005 | 20211119152309.0 | ||
| 008 | 170119b xxu||||| |||| 00| 0 eng d | ||
| 020 | _a0070265097 | ||
| 038 | _aKhadija | ||
| 040 | _cc | ||
| 082 |
_a629.892 _bGRO |
||
| 100 |
_aGroover, Mikell P. _984641 |
||
| 245 |
_aIndustrial Robotics Technology, Programming and Applications / _cMikell P. Groover, Mitchell Weiss, Roger N. Nagel and Nicholas G. Odrey |
||
| 260 |
_aNew Delhi : _bMcGraw-Hil, _c2008. |
||
| 300 |
_a546 p. ; _c24 cm. |
||
| 500 | _apaperback. | ||
| 563 | _aPB | ||
| 942 |
_cBK _2ddc |
||
| 999 |
_c32156 _d32156 |
||